| 000 | 01022nam a2200253Ia 4500 | ||
|---|---|---|---|
| 003 | GCL | ||
| 008 | 140319s9999 xx 000 0 ara d | ||
| 020 | _a7838305977 | ||
| 040 |
_aGCL / _cGCL |
||
| 082 | 0 | 4 |
_a792.09 _bج ع |
| 100 | 1 | _aعصام عبدالعزيز | |
| 245 | 1 | 0 |
_aعلم اجتماع المسرح : _b( رسم تاريخى تخطيطى لعلم الاجتماع فى فرع من فروع الفن - المسرحية ) / _cعصام عبدالعزيز |
| 700 | 1 | _aجيرج ، سكاى | |
| 700 | 1 | _aكمال الدين عيد | |
| 250 | _aالاولى | ||
| 260 |
_aالقاهرة : _bوزارة الثقافة - مهرجان القاهرة الدولى للمسرح التجريبى ، _c2005 |
||
| 300 |
_a575+637ص ؛ _c24سم |
||
| 650 | 0 | 4 | _aالمسرحيات |
| 650 | 0 | 4 | _aالتمثيل فى المسرح |
| 650 | 0 | 4 | _aالمسرحية - تاريخ ونقد |
| 650 | 0 | 4 | _aالمسرح - الجوانب الاجتماعية |
| 650 | 0 | 4 | _aالثقافة المسرحية |
| 942 |
_2ddc _cBK |
||
| 999 |
_c7786 _d7786 |
||